Physica

Gardado en:
Detalles Bibliográficos
Autor Principal: Mansion, Augustinus (autor)
Formato: Libro
Idioma:latín
grego
Publicado: París Desclée de Brouwer 1957
Series:Aristoteles Latinus, 7
Subjects:
Tags: Engadir etiqueta
Sen Etiquetas, Sexa o primeiro en etiquetar este rexistro!

MARC

LEADER 00000nam a2200000 a 4500
001 UCY7925
003 CL-VaPUC
008 950623e19570000FR |||||||||||||||||lat|d
041 0 7 |a lat  |2 CL-VaPUC 
041 0 7 |a gre  |2 CL-VaPUC 
082 0 4 |a 185  |b MAN  |2 21 
100 |a Mansion, Augustinus  |e autor  |9 338857 
245 1 0 |a Physica 
300 |a 43 p 
942 |c BK 
945 |d 19950623 00:00:00  |a mfernand 
260 |a París  |b Desclée de Brouwer  |c 1957 
600 0 |a Aristóteles,  |d 384 a.C.- 322 a.C.  |9 194 
650 0 |a Filosofía antigua   |9 255705 
650 0 |a Física   |9 227844 
583 |a last modification  |c 19950623 00:00:00  |k Rodrigo Vera 
490 0 |a Aristoteles Latinus, 7 
999 |c 235219  |d 235217 
952 |0 0  |1 0  |4 0  |6 185_000000000000000_MAN_1957  |7 0  |8 P  |9 242478  |a BIBEDU  |b BIBEDU  |c BIBEDU_PB  |d 2019-11-18  |i 1514792  |o 185 MAN 1957  |p 1514792  |r 2024-01-25  |w 2019-11-18  |y BK  |k FIL